[Event "Helmond Rapid op"]
[Site "Helmond"]
[Date "2025.05.03"]
[Round "8"]
[White "Aarts, Joaquin"]
[Black "Grochal, Joey"]
[Result "1-0"]
[WhiteElo "1990"]
[BlackElo "2241"]
[PlyCount "111"]
[EventDate "2025.05.03"]
[EventType "swiss (rapid)"]
[EventRounds "9"]
[EventCountry "NED"]
[SourceTitle "CB19_2025"]
[SourceDate "2025.05.07"]
[SourceVersion "1"]
[SourceVersionDate "2025.05.07"]
[SourceQuality "1"]

1. d4 d5 2. c4 c6 3. cxd5 cxd5 4. Nc3 Nc6 5. Bf4 Bf5 6. e3 e6 7. Nf3 Bb4 8. Rc1 h6 9. Ne5 Nge7 10. Bb5 Qb6 11. Qa4 Bxc3+ 12. Rxc3 Rc8 13. 0-0 a6 14. Bxc6+ Nxc6 15. Rfc1 0-0 16. Nd7 Qxb2 17. Nxf8 Rxf8 18. Qb3 Qxb3 19. Rxb3 Na5 20. Rb6 Bd3 21. Bd6 Rd8 22. Bb4 Nc6 23. Rxb7 Nxb4 24. Rxb4 Bc4 25. a4 Kh7 26. h3 Kg6 27. f3 f6 28. Rb6 Re8 29. Kf2 e5 30. dxe5 Rxe5 31. Rd6 h5 32. Rd1 Kf7 33. Rd7+ Kg6 34. Rd4 f5 35. Rh4 Re6 36. g4 hxg4 37. hxg4 f4 38. exf4 Re2+ 39. Kg3 Ra2 40. f5+ Kf6 41. Rh7 g5 42. Rhe7 d4 43. Re4 Rc2 44. Rdxd4 Bf1 45. f4 gxf4+ 46. Kxf4 Rf2+ 47. Ke3 Re2+ 48. Kf3 Ra2 49. Rd6+ Kg5 50. Rg6+ Kh4 51. Kf4 Rf2+ 52. Ke5 Bg2 53. Rd4 Re2+ 54. Kf6 Be4 55. Kg7 Re3 56. f6 1-0

[Event "Helmond Rapid op"]
[Site "Helmond"]
[Date "2025.05.03"]
[Round "9"]
[White "Grochal, Joey"]
[Black "Kriens, Hans"]
[Result "1-0"]
[WhiteElo "2241"]
[BlackElo "1878"]
[PlyCount "95"]
[EventDate "2025.05.03"]
[EventType "swiss (rapid)"]
[EventRounds "9"]
[EventCountry "NED"]
[SourceTitle "CB19_2025"]
[SourceDate "2025.05.07"]
[SourceVersion "1"]
[SourceVersionDate "2025.05.07"]
[SourceQuality "1"]

1. d4 Nf6 2. c4 d5 3. cxd5 Nxd5 4. Nf3 e6 5. e4 Nb6 6. Nc3 c5 7. Bg5 f6 8. Be3 cxd4 9. Nxd4 Nc6 10. Bb5 Bd7 11. Qb3 Nxd4 12. Bxd4 Qe7 13. Rd1 Rd8 14. Bxb6 axb6 15. Rxd7 Rxd7 16. 0-0 Kf7 17. Bxd7 Qxd7 18. Qxb6 Qc6 19. Qd8 Rg8 20. Rd1 Be7 21. Qd7 Qb6 22. Qb5 Qxb5 23. Nxb5 Rc8 24. Nc3 Ke8 25. Kf1 Bc5 26. Ke2 Ke7 27. f3 Rb8 28. Nb5 Ra8 29. a3 Ra5 30. Nc3 Ra6 31. Kd3 Rc6 32. Rc1 Bd6 33. g3 Be5 34. Rc2 g5 35. Ne2 Rd6+ 36. Ke3 Rb6 37. Nd4 h5 38. b4 Ra6 39. Rc3 h4 40. f4 gxf4+ 41. gxf4 Bb8 42. Nb5 e5 43. f5 Rc6 44. h3 Ba7+ 45. Kd3 Rxc3+ 46. Kxc3 Bb6 47. Kc4 Kd7 48. Kd5 1-0

[Event "Wachtebeke"]
[Site "Wachtebeke"]
[Date "2025.03.03"]
[Round "5"]
[White "Grochal, Joey"]
[Black "Dgebuadze, Alexandre"]
[Result "1-0"]
[WhiteElo "2257"]
[BlackElo "2417"]
[PlyCount "142"]
[EventDate "2025.03.01"]
[EventType "tourn"]
[EventRounds "9"]
[EventCountry "BEL"]
[EventCategory "3"]
[SourceTitle "CB11_2025"]
[SourceDate "2025.03.12"]
[SourceVersion "1"]
[SourceVersionDate "2025.03.12"]
[SourceQuality "1"]

1. d4 Nf6 2. c4 e6 3. Nf3 Bb4+ 4. Nbd2 b6 5. a3 Bxd2+ 6. Qxd2 Bb7 7. e3 0-0 8. Be2 Nc6 9. b4 Ne7 10. Bb2 Ne4 11. Qc2 f5 12. 0-0 d6 13. Rad1 a5 14. Nd2 axb4 15. axb4 Ng6 16. c5 Nxd2 17. Rxd2 Be4 18. Qc3 f4 19. d5 e5 20. f3 fxe3 21. Qxe3 Bf5 22. g3 bxc5 23. bxc5 Bh3 24. Rc1 Ne7 25. Bd3 Nf5 26. Qe4 Qg5 27. Rf2 Ra2 28. Re1 g6 29. Bc1 Rxf2 30. Bxg5 Rg2+ 31. Kh1 Rf2 32. Be2 Nd4 33. Qe3 Rxe2 34. Rxe2 Rxf3 35. Qxf3 Nxf3 36. Bd8 Nd4 37. Re3 Nb5 38. Rb3 Bf1 39. Bxc7 Bc4 40. cxd6 Bxd5+ 41. Kg1 Bc6 42. Re3 Nd4 43. Kf2 e4 44. Bb6 Nf5 45. Rxe4 Kf7 46. Rc4 Bd7 47. Bc5 h5 48. Re4 Bc6 49. Re1 g5 50. Bb4 g4 51. Re5 Bd7 52. Bd2 h4 53. Rxf5+ Bxf5 54. gxh4 Ke6 55. Bf4 Bg6 56. Ke3 Be8 57. Kd4 Bf7 58. Kc5 Be8 59. Bg3 Kd7 60. Kd5 Bh5 61. Ke5 Bf7 62. Kf6 Be8 63. Kg5 Ke6 64. h5 Kf7 65. h6 Bb5 66. Be5 Bd3 67. d7 Ke7 68. d8Q+ Kxd8 69. Kf6 Kd7 70. Kg7 Ke6 71. Bg3 Kd5 1-0

[Event "Wachtebeke"]
[Site "Wachtebeke"]
[Date "2025.03.01"]
[Round "1"]
[White "Grochal, Joey"]
[Black "Johnson, Donald"]
[Result "0-1"]
[WhiteElo "2257"]
[BlackElo "2326"]
[PlyCount "46"]
[EventDate "2025.03.01"]
[EventType "tourn"]
[EventRounds "9"]
[EventCountry "BEL"]
[EventCategory "3"]
[SourceTitle "CB11_2025"]
[SourceDate "2025.03.12"]
[SourceVersion "1"]
[SourceVersionDate "2025.03.12"]
[SourceQuality "1"]

1. d4 Nf6 2. c4 g6 3. h4 Bg7 4. Nc3 0-0 5. e4 d6 6. Be2 c5 7. d5 b5 8. cxb5 a6 9. bxa6 Bxa6 10. Nf3 Qc8 11. Nd2 Bxe2 12. Qxe2 Qg4 13. f3 Qg3+ 14. Kd1 Nh5 15. Rh3 Qe5 16. Nc4 Qd4+ 17. Kc2 Na6 18. Be3 Nb4+ 19. Kb1 Nf4 20. Bxf4 Nd3 21. Bd2 Qxc4 22. Kc2 Rfb8 23. b3 Rxb3 0-1

[Event "EU-Cup 39th"]
[Site "Vrnjacka Banja"]
[Date "2024.10.25"]
[Round "6.4"]
[White "Grochal, Joey"]
[Black "Van Veenendaal, Elmer"]
[Result "1-0"]
[WhiteElo "2272"]
[BlackElo "2032"]
[PlyCount "59"]
[EventDate "2024.10.20"]
[EventType "team-swiss"]
[EventRounds "7"]
[EventCountry "SRB"]
[SourceTitle "CB44_2024"]
[Source "Chessbase"]
[SourceDate "2024.10.30"]
[SourceVersion "1"]
[SourceVersionDate "2024.10.30"]
[SourceQuality "1"]
[WhiteTeam "Wachtebeke"]
[BlackTeam "Paul Keres II"]
[WhiteTeamCountry "BEL"]
[BlackTeamCountry "NED"]

1. d4 g6 2. e4 Bg7 3. Nc3 d6 4. Nf3 a6 5. Be3 b5 6. Qd2 Bb7 7. Bd3 Nd7 8. a4 b4 9. Ne2 c5 10. c3 Ngf6 11. Ng3 bxc3 12. bxc3 Ng4 13. 0-0 0-0 14. Rfb1 Qc7 15. Bg5 Ngf6 16. Bh6 Rfb8 17. Re1 c4 18. Bc2 Nf8 19. Bxg7 Kxg7 20. e5 Nd5 21. Re4 Qa5 22. Ra3 Bc6 23. Rh4 Rb2 24. Qh6+ Kg8 25. Ng5 Rxc2 26. Nxh7 f6 27. Nxf8 Rc1+ 28. Qxc1 Kxf8 29. e6 g5 30. Qc2 1-0

[Event "EU-Cup 39th"]
[Site "Vrnjacka Banja"]
[Date "2024.10.22"]
[Round "3.4"]
[White "Borhy, Marcell Boldizsar"]
[Black "Grochal, Joey"]
[Result "1/2-1/2"]
[WhiteElo "2355"]
[BlackElo "2272"]
[PlyCount "67"]
[EventDate "2024.10.20"]
[EventType "team-swiss"]
[EventRounds "7"]
[EventCountry "SRB"]
[SourceTitle "CB44_2024"]
[Source "Chessbase"]
[SourceDate "2024.10.30"]
[SourceVersion "1"]
[SourceVersionDate "2024.10.30"]
[SourceQuality "1"]
[WhiteTeam "Dunajska Streda"]
[BlackTeam "Wachtebeke"]
[WhiteTeamCountry "SVK"]
[BlackTeamCountry "BEL"]

1. d4 d5 2. c4 c6 3. Nf3 Nf6 4. Nc3 dxc4 5. a4 Bf5 6. Ne5 Nbd7 7. Nxc4 Nb6 8. Ne5 a5 9. e3 e6 10. g4 Bg6 11. h4 Ne4 12. Bg2 Bb4 13. Bd2 Nxd2 14. Qxd2 f6 15. h5 fxe5 16. hxg6 h6 17. dxe5 Qxd2+ 18. Kxd2 Nc4+ 19. Ke2 Nxe5 20. f4 Nxg6 21. Rh5 Ne7 22. Be4 0-0-0 23. Bd3 Rhe8 24. Ne4 Ng8 25. Bc4 Kc7 26. Kf3 Re7 27. Rg1 b6 28. Re5 Rde8 29. g5 Bd6 30. Nxd6 Kxd6 31. Rd1+ Kc7 32. Rg1 Kd6 33. Rd1+ Kc7 34. Rg1 1/2-1/2

[Event "Titled Tuesday intern op 24th Sep Early"]
[Site "Chess.com INT"]
[Date "2024.09.24"]
[Round "4"]
[White "Grochal, Joey"]
[Black "Yuan, Qingyu"]
[Result "1-0"]
[WhiteElo "2269"]
[BlackElo "2341"]
[PlyCount "103"]
[EventDate "2024.09.24"]
[EventType "swiss (blitz)"]
[EventRounds "11"]
[EventCountry "USA"]
[SourceTitle "EXT 2025"]
[Source "ChessBase"]
[SourceDate "2024.10.14"]
[SourceVersion "1"]
[SourceVersionDate "2024.10.14"]
[SourceQuality "1"]

1. e4 c6 2. d4 d5 3. e5 Bf5 4. Nf3 e6 5. Be2 Ne7 6. 0-0 h6 7. Nbd2 Nd7 8. Nb3 g5 9. a4 Bg7 10. a5 0-0 11. Ra3 Ng6 12. Bd3 Bxd3 13. Qxd3 f5 14. c4 Rf7 15. cxd5 cxd5 16. a6 b6 17. Bd2 Bf8 18. Raa1 Rc8 19. Rfc1 Nb8 20. Qb5 Rfc7 21. Rxc7 Rxc7 22. Ne1 Kf7 23. g3 h5 24. Nd3 Be7 25. Bb4 Qe8 26. Qxe8+ Kxe8 27. Kf1 h4 28. Ke2 Rc2+ 29. Kd1 Rc4 30. Bc3 g4 31. Nd2 Rc6 32. Nb1 Bg5 33. Na3 Rc7 34. Nb5 Rh7 35. Ke2 f4 36. Bb4 f3+ 37. Kd1 hxg3 38. hxg3 Nc6 39. Be1 Rh1 40. Ra3 Nge7 41. Rc3 Kd7 42. Kc2 Nf5 43. Rxc6 Kxc6 44. Nxa7+ Kc7 45. Nb5+ Kb8 46. Bb4 Be7 47. Bd6+ Ka8 48. Nb4 Rf1 49. Nc6 Bxd6 50. exd6 Rxf2+ 51. Kb3 Nxd6 52. Nc7# 1-0

[Event "Titled Tuesday intern op 03rd Sep Early"]
[Site "Chess.com INT"]
[Date "2024.09.03"]
[Round "8"]
[White "Grochal, Joey"]
[Black "Fernandez Garcia, Gumersindo"]
[Result "0-1"]
[WhiteElo "2269"]
[BlackElo "2146"]
[PlyCount "80"]
[EventDate "2024.09.03"]
[EventType "swiss (blitz)"]
[EventRounds "11"]
[EventCountry "USA"]
[SourceTitle "EXT 2025"]
[Source "ChessBase"]
[SourceDate "2024.10.14"]
[SourceVersion "1"]
[SourceVersionDate "2024.10.14"]
[SourceQuality "1"]

1. e4 c6 2. d4 d5 3. e5 c5 4. dxc5 Nc6 5. f4 e6 6. c4 d4 7. a3 a5 8. Bd3 Bxc5 9. Nf3 Nge7 10. Nbd2 Nf5 11. Ne4 b6 12. 0-0 Bb7 13. Rb1 Qe7 14. Bd2 h6 15. Kh1 a4 16. Qe2 0-0 17. g4 Nh4 18. Be1 Nxf3 19. Qxf3 Na5 20. g5 hxg5 21. fxg5 Nb3 22. Rg1 Rab8 23. Rg4 g6 24. Kg1 Kg7 25. Qf6+ Qxf6 26. gxf6+ Kg8 27. Ng5 Rfd8 28. Nxe6 fxe6 29. Bxg6 Kf8 30. Bf2 d3 31. Rd1 Bf3 32. Rh4 Kg8 33. Bh7+ Kf7 34. Bxd3 Rg8+ 35. Kf1 Bxf2 36. Rh7+ Kf8 37. Kxf2 Bxd1 38. Be4 Nc5 39. Re7 Nxe4+ 40. Ke3 Nxf6 0-1

[Event "Brasschaat op"]
[Site "Brasschaat"]
[Date "2024.08.23"]
[Round "7"]
[White "Grochal, Joey"]
[Black "Grutter, Tim"]
[Result "1/2-1/2"]
[WhiteElo "2251"]
[BlackElo "2323"]
[PlyCount "106"]
[EventDate "2024.08.17"]
[EventType "swiss"]
[EventRounds "9"]
[EventCountry "BEL"]
[SourceTitle "EXT 2025"]
[Source "ChessBase"]
[SourceDate "2024.10.14"]
[SourceVersion "1"]
[SourceVersionDate "2024.10.14"]
[SourceQuality "1"]

1. d4 Nf6 2. c4 g6 3. Nc3 Bg7 4. e4 d6 5. Nf3 0-0 6. Be2 e5 7. d5 a5 8. Bg5 h6 9. Be3 Ng4 10. Bd2 f5 11. h3 Nf6 12. exf5 gxf5 13. Qc1 f4 14. g3 e4 15. Nh4 e3 16. fxe3 fxg3 17. Ng6 Re8 18. Nf4 Bf5 19. 0-0 Nbd7 20. Rf3 Nc5 21. Rxg3 Qe7 22. Kh2 Kh7 23. Bf3 Rg8 24. Qf1 Nfe4 25. Nxe4 Nxe4 26. Bxe4 Qxe4 27. Qg2 Bxb2 28. Qxe4 Bxe4 29. Rf1 Be5 30. Rc1 Raf8 31. h4 b6 32. Kh3 Rxg3+ 33. Kxg3 Rg8+ 34. Kf2 Rg4 35. Bc3 Bxf4 36. exf4 Rxf4+ 37. Ke3 Rg4 38. Bf6 Bf5 39. Bd8 Rg7 40. Rf1 Bc8 41. Rf8 Ba6 42. Bf6 Rg3+ 43. Kf4 Rg8 44. Rxg8 Kxg8 45. Bd8 Bxc4 46. Bxc7 Kf7 47. Bxb6 a4 48. a3 Bxd5 49. Ke3 Bb3 50. Kd4 Ke6 51. Ba5 Kf5 52. Bd8 Kg4 53. Be7 Be6 1/2-1/2

[Event "Brasschaat op"]
[Site "Brasschaat"]
[Date "2024.08.18"]
[Round "2"]
[White "Grochal, Joey"]
[Black "Demarre, Jan"]
[Result "1-0"]
[WhiteElo "2251"]
[BlackElo "1899"]
[PlyCount "45"]
[EventDate "2024.08.17"]
[EventType "swiss"]
[EventRounds "9"]
[EventCountry "BEL"]
[SourceTitle "EXT 2025"]
[Source "ChessBase"]
[SourceDate "2024.10.14"]
[SourceVersion "1"]
[SourceVersionDate "2024.10.14"]
[SourceQuality "1"]

1. d4 Nf6 2. c4 e6 3. Nf3 d5 4. Nc3 Be7 5. Bf4 c6 6. e3 0-0 7. h3 Nbd7 8. Rc1 a6 9. Nd2 b5 10. cxd5 Nxd5 11. Nxd5 cxd5 12. Bc7 Qe8 13. Bd3 f5 14. Qe2 Nf6 15. 0-0 Ne4 16. f3 Nf6 17. e4 dxe4 18. fxe4 Qd7 19. Be5 Ne8 20. exf5 exf5 21. Qf3 Ra7 22. Rxc8 Qxc8 23. Bxf5 1-0

[Event "Brasschaat op"]
[Site "Brasschaat"]
[Date "2024.08.17"]
[Round "1"]
[White "Liekens, Ronny"]
[Black "Grochal, Joey"]
[Result "0-1"]
[WhiteElo "1772"]
[BlackElo "2251"]
[PlyCount "117"]
[EventDate "2024.08.17"]
[EventType "swiss"]
[EventRounds "9"]
[EventCountry "BEL"]
[SourceTitle "EXT 2025"]
[Source "ChessBase"]
[SourceDate "2024.10.14"]
[SourceVersion "1"]
[SourceVersionDate "2024.10.14"]
[SourceQuality "1"]

1. e4 c5 2. Nf3 Nc6 3. d4 cxd4 4. Nxd4 Nf6 5. Nc3 e6 6. Ndb5 Bc5 7. Nd6+ Ke7 8. Nxc8+ Rxc8 9. Be2 d6 10. 0-0 a6 11. a3 Bd4 12. Qd3 Qc7 13. Nd1 Nd7 14. c3 Nc5 15. Qc2 Bf6 16. Be3 Nd7 17. f4 Na5 18. Nf2 Nc4 19. Bxc4 Qxc4 20. Rad1 Rhd8 21. Rd2 Nc5 22. Rfd1 Nb3 23. Rd3 Nc5 24. R3d2 b5 25. Bd4 Nb3 26. Bxf6+ gxf6 27. Rd3 h5 28. Qe2 Nc5 29. R3d2 Qxe2 30. Rxe2 Na4 31. Rd3 a5 32. Rh3 Rh8 33. Nd3 Nb6 34. Kf2 Rcg8 35. Nc1 Rg4 36. Rf3 Rhg8 37. g3 a4 38. Na2 Nc4 39. Nb4 Rc8 40. Na2 h4 41. Nc1 hxg3+ 42. Rxg3 Rxf4+ 43. Kg2 Rh4 44. Rc2 Rxe4 45. Rf2 Rh8 46. Nd3 Rhh4 47. Nb4 Ne3+ 48. Kg1 Nf5 49. Rg8 Rhg4+ 50. Rxg4 Rxg4+ 51. Kh1 Rg5 52. h3 d5 53. Kh2 Kd6 54. Rf4 e5 55. Rf2 e4 56. Nc2 Ke5 57. Rg2 e3 58. Rg4 e2 59. Kg2 0-1

[Event "Vlissingen HZ op 26th"]
[Site "Vlissingen"]
[Date "2024.08.04"]
[Round "2"]
[White "Grochal, Joey"]
[Black "Lind, Jacco"]
[Result "1/2-1/2"]
[WhiteElo "2251"]
[BlackElo "1983"]
[PlyCount "153"]
[EventDate "2024.08.03"]
[EventType "swiss"]
[EventRounds "9"]
[EventCountry "NED"]
[SourceTitle "CBM 221 Extra"]
[Source "ChessBase"]
[SourceDate "2024.09.30"]
[SourceVersion "1"]
[SourceVersionDate "2024.09.30"]
[SourceQuality "1"]

1. d4 Nf6 2. c4 g6 3. Nc3 d5 4. cxd5 Nxd5 5. e4 Nxc3 6. bxc3 Bg7 7. Be3 c5 8. Qd2 Qa5 9. Nf3 0-0 10. Rb1 b6 11. Rb5 Qa4 12. Rb3 Ba6 13. Bxa6 Qxa6 14. Qe2 Qxe2+ 15. Kxe2 Nc6 16. Rbb1 Rfd8 17. Rhd1 e6 18. Rbc1 cxd4 19. cxd4 Rac8 20. d5 exd5 21. Rxd5 Rxd5 22. exd5 Ne7 23. d6 Rxc1 24. Bxc1 Nc6 25. Ba3 f6 26. Kd3 Kf7 27. Kc4 Ke6 28. Kb5 Kd7 29. Nd2 f5 30. Nc4 Bd4 31. f4 h5 32. h3 Bc3 33. Bc1 Bd4 34. Bd2 Bf6 35. Be3 Bc3 36. Ka6 Bf6 37. a4 Bc3 38. Na3 Bb4 39. Nb5 Bxd6 40. Nxa7 Nxa7 41. Kxa7 Bc5 42. Bc1 b5+ 43. Ka6 bxa4 44. Ka5 Kd6 45. Kxa4 Kd5 46. Kb3 Ke4 47. Kc2 Be3 48. Ba3 Bxf4 49. Kd1 Be5 50. Bc1 Kd3 51. Ke1 Bd4 52. Kf1 Be3 53. Ba3 g5 54. Bd6 Ke4 55. Bc7 Bd4 56. Ba5 Kf4 57. Be1 Bf6 58. Kf2 h4 59. Kf1 g4 60. hxg4 Kxg4 61. Kg1 Bd4+ 62. Kh2 Be3 63. Ba5 Bf2 64. Bd2 Bg3+ 65. Kg1 f4 66. Bc1 Be1 67. Kh2 Ba5 68. Ba3 Bc7 69. Bc5 Ba5 70. Bd4 Be1 71. Bc5 Bg3+ 72. Kg1 h3 73. gxh3+ Kxh3 74. Bd6 f3 75. Bc5 Kg4 76. Kf1 f2 77. Bxf2 1/2-1/2

[Event "Titled Tuesday intern op 25th Jun Early"]
[Site "Chess.com INT"]
[Date "2024.06.25"]
[Round "1"]
[White "Bestard Borras, Miguel"]
[Black "Grochal, Joey"]
[Result "1-0"]
[WhiteElo "2113"]
[BlackElo "2251"]
[PlyCount "121"]
[EventDate "2024.06.25"]
[EventType "swiss (blitz)"]
[EventRounds "11"]
[EventCountry "USA"]
[SourceTitle "EXT 2025"]
[Source "ChessBase"]
[SourceDate "2024.10.14"]
[SourceVersion "1"]
[SourceVersionDate "2024.10.14"]
[SourceQuality "1"]

1. d4 Nf6 2. Bf4 g6 3. e3 Bg7 4. h3 0-0 5. Nf3 c5 6. c3 cxd4 7. exd4 b6 8. Be2 Bb7 9. 0-0 d6 10. a4 Nbd7 11. Na3 Re8 12. Nc4 Rc8 13. Ne3 h6 14. a5 e5 15. dxe5 dxe5 16. Bh2 e4 17. Nd4 Ne5 18. Qb3 Nd3 19. axb6 axb6 20. Ra7 Nc5 21. Qb5 Ra8 22. Rfa1 Rxa7 23. Rxa7 Bc8 24. Nc4 e3 25. fxe3 Nd5 26. Nd6 Re7 27. Rxe7 Nxe7 28. Bc4 Ne6 29. Qe8+ Qxe8 30. Nxe8 Nxd4 31. exd4 Bb7 32. Nxg7 Kxg7 33. Bc7 Nd5 34. Bxd5 Bxd5 35. Bxb6 Kf6 36. Kf2 Kf5 37. g3 Ke4 38. Ke2 Bb3 39. Bd8 f5 40. Bf6 g5 41. h4 gxh4 42. Bxh4 h5 43. Bf6 Bd5 44. Bg5 Bb3 45. Kd2 Kd5 46. Bf4 Ke4 47. Bc7 Kd5 48. Kd3 Bc4+ 49. Kc2 Ke4 50. b3 Bd3+ 51. Kd2 Ba6 52. Be5 Bb7 53. c4 Bc6 54. Kc3 Bb7 55. Bd6 h4 56. gxh4 f4 57. d5 f3 58. Bg3 Ke3 59. h5 f2 60. Bxf2+ Kxf2 61. h6 1-0

[Event "Titled Tuesday intern op 18th Jun Early"]
[Site "Chess.com INT"]
[Date "2024.06.18"]
[Round "7"]
[White "Grochal, Joey"]
[Black "Bolat, Inayat"]
[Result "0-1"]
[WhiteElo "2251"]
[BlackElo "2232"]
[PlyCount "100"]
[EventDate "2024.06.18"]
[EventType "swiss (blitz)"]
[EventRounds "11"]
[EventCountry "USA"]
[SourceTitle "EXT 2025"]
[Source "ChessBase"]
[SourceDate "2024.10.14"]
[SourceVersion "1"]
[SourceVersionDate "2024.10.14"]
[SourceQuality "1"]

1. e4 e5 2. Nf3 Nc6 3. Bb5 a6 4. Ba4 d6 5. 0-0 Nf6 6. c3 Bd7 7. Re1 g6 8. d4 Bg7 9. Nbd2 0-0 10. Nf1 b5 11. Bc2 exd4 12. cxd4 Bg4 13. Be3 Re8 14. N1d2 Qe7 15. h3 Bxf3 16. Qxf3 Nb4 17. Bb1 c5 18. a3 Nc6 19. d5 Nd4 20. Qd1 Nd7 21. f4 c4 22. Ra2 Nc5 23. Nf3 Nxf3+ 24. gxf3 Bh6 25. b4 cxb3 26. Rg2 Qh4 27. Rg4 Qxh3 28. Kf2 Qh2+ 29. Rg2 Qh4+ 30. Ke2 Bxf4 31. Rh1 Qf6 32. Bd4 Be5 33. Be3 Rac8 34. Bg5 Qg7 35. Bh6 Qh8 36. Qd2 Na4 37. Qg5 Bf6 38. Qg4 Nc3+ 39. Kf2 Bd4+ 40. Kg3 Qe5+ 41. Kh3 Nxb1 42. Rxb1 Rc3 43. Rf1 Qxe4 44. Kh2 Qxg4 45. Rxg4 Be5+ 46. f4 Bg7 47. Bg5 Re2+ 48. Rg2 Rxg2+ 49. Kxg2 b2 50. Rb1 Rc1 0-1

[Event "Titled Tuesday intern op 18th Jun Early"]
[Site "Chess.com INT"]
[Date "2024.06.18"]
[Round "4"]
[White "Grochal, Joey"]
[Black "Cherniaiev, Tykhon"]
[Result "0-1"]
[WhiteElo "2251"]
[BlackElo "2306"]
[PlyCount "72"]
[EventDate "2024.06.18"]
[EventType "swiss (blitz)"]
[EventRounds "11"]
[EventCountry "USA"]
[SourceTitle "EXT 2025"]
[Source "ChessBase"]
[SourceDate "2024.10.14"]
[SourceVersion "1"]
[SourceVersionDate "2024.10.14"]
[SourceQuality "1"]

1. e4 e5 2. Nf3 Nc6 3. Bb5 a6 4. Ba4 Nge7 5. 0-0 Ng6 6. Re1 Bc5 7. c3 d6 8. h3 0-0 9. d4 exd4 10. cxd4 Ba7 11. Nc3 b5 12. Bc2 Nb4 13. Bb1 Kh8 14. d5 a5 15. Nxb5 Bb6 16. Nbd4 h6 17. Bd2 Qf6 18. Bc3 Ne5 19. Nxe5 dxe5 20. Nf3 Re8 21. a3 Na6 22. Bd3 Nc5 23. Bb5 Bd7 24. Bxd7 Nxd7 25. b4 axb4 26. axb4 Qf4 27. Qd3 Rxa1 28. Rxa1 f5 29. Re1 Nf6 30. exf5 e4 31. Qc4 Qxf5 32. Bxf6 gxf6 33. Nd4 Qf4 34. Re2 e3 35. fxe3 Rxe3 36. Rd2 Re1+ 0-1

[Event "Titled Tuesday intern op 18th Jun Early"]
[Site "Chess.com INT"]
[Date "2024.06.18"]
[Round "5"]
[White "Kleibel, Uwe"]
[Black "Grochal, Joey"]
[Result "1-0"]
[WhiteElo "2301"]
[BlackElo "2251"]
[PlyCount "67"]
[EventDate "2024.06.18"]
[EventType "swiss (blitz)"]
[EventRounds "11"]
[EventCountry "USA"]
[SourceTitle "EXT 2025"]
[Source "ChessBase"]
[SourceDate "2024.10.14"]
[SourceVersion "1"]
[SourceVersionDate "2024.10.14"]
[SourceQuality "1"]

1. e4 e5 2. Nf3 Nc6 3. d4 exd4 4. Nxd4 Bc5 5. Nxc6 Qf6 6. Qe2 dxc6 7. Nc3 Be6 8. Be3 Bb4 9. Bd2 Ne7 10. 0-0-0 0-0-0 11. f3 h5 12. h4 Qe5 13. a3 Ba5 14. f4 Qf6 15. f5 Bd7 16. g3 c5 17. Bg5 Qe5 18. Bf4 Qf6 19. Nd5 Nxd5 20. Rxd5 Bb6 21. Bg5 Qc6 22. Bxd8 Rxd8 23. Bg2 Re8 24. Rhd1 Qb5 25. Qxh5 Bc6 26. R5d2 Qc4 27. Kb1 Ba5 28. Rd3 b5 29. Qe2 Kb7 30. e5 b4 31. Bxc6+ Kxc6 32. Qf3+ Kb5 33. a4+ Ka6 34. Qc6+ 1-0

[Event "Titled Tuesday intern op 18th Jun Early"]
[Site "Chess.com INT"]
[Date "2024.06.18"]
[Round "2"]
[White "Weihrauch, Jakob"]
[Black "Grochal, Joey"]
[Result "1/2-1/2"]
[WhiteElo "2272"]
[BlackElo "2251"]
[PlyCount "151"]
[EventDate "2024.06.18"]
[EventType "swiss (blitz)"]
[EventRounds "11"]
[EventCountry "USA"]
[SourceTitle "EXT 2025"]
[Source "ChessBase"]
[SourceDate "2024.10.14"]
[SourceVersion "1"]
[SourceVersionDate "2024.10.14"]
[SourceQuality "1"]

1. e4 e5 2. Nf3 Nc6 3. d4 exd4 4. Nxd4 Bc5 5. Nf5 Qf6 6. Nc3 Nge7 7. Ne3 d6 8. Bd3 Ne5 9. 0-0 c6 10. f4 Ng4 11. Qf3 Ng6 12. Kh1 Bxe3 13. Bxe3 Qh4 14. h3 Nxe3 15. Qxe3 0-0 16. Qf2 b5 17. Qxh4 Nxh4 18. f5 b4 19. Nd1 c5 20. g3 Nxf5 21. exf5 Bb7+ 22. Kh2 Rfe8 23. Nf2 d5 24. Rfe1 c4 25. Bf1 a5 26. Bg2 Kf8 27. Ng4 f6 28. Kg1 a4 29. Kf2 Rad8 30. Rxe8+ Kxe8 31. Re1+ Kd7 32. Ne3 Kd6 33. Nxc4+ Kc5 34. Re7 Ba6 35. Rc7+ Kd4 36. Nd2 g6 37. Nf3+ Ke4 38. g4 gxf5 39. Nh4+ Kf4 40. Nxf5 Re8 41. Rc6 Re2+ 42. Kg1 Bc4 43. Rxf6 Kg5 44. Rd6 Rxc2 45. Ne3 Rxb2 46. Bxd5 Bxd5 47. Rxd5+ Kf4 48. Nf5 Rxa2 49. Rd4+ Kf3 50. Nh4+ Kg3 51. Nf5+ Kxh3 52. Rxb4 Rg2+ 53. Kf1 Rxg4 54. Rxg4 Kxg4 55. Nd4 a3 56. Nc2 a2 57. Ke2 Kg3 58. Kd2 h5 59. Kc3 h4 60. Kb2 h3 61. Ne3 Kf3 62. Nf1 Kf2 63. Nh2 Kg3 64. Nf1+ Kg2 65. Ne3+ Kf2 66. Ng4+ Kf3 67. Nh2+ Ke2 68. Kxa2 Kf2 69. Ng4+ Kf3 70. Nh2+ Kg3 71. Nf1+ Kf2 72. Nh2 Kg2 73. Ng4 Kg3 74. Ne3 h2 75. Nf1+ Kg2 76. Nxh2 1/2-1/2

[Event "Helmond Rapid op"]
[Site "Helmond"]
[Date "2024.06.15"]
[Round "8"]
[White "Maters, Arthur"]
[Black "Grochal, Joey"]
[Result "1/2-1/2"]
[WhiteElo "2167"]
[BlackElo "2251"]
[PlyCount "226"]
[EventDate "2024.06.15"]
[EventType "swiss (rapid)"]
[EventRounds "9"]
[EventCountry "NED"]
[SourceTitle "CBM 220 Extra"]
[Source "ChessBase"]
[SourceDate "2024.07.31"]
[SourceVersion "1"]
[SourceVersionDate "2024.07.31"]
[SourceQuality "1"]

1. d4 Nf6 2. Nc3 d5 3. Bf4 a6 4. Nf3 Bf5 5. e3 e6 6. Ne5 h5 7. Bd3 Bxd3 8. Qxd3 Nbd7 9. Ne2 c5 10. c3 b5 11. 0-0 Qb6 12. a3 Rc8 13. b4 cxd4 14. cxd4 Bd6 15. Nxd7 Kxd7 16. Rac1 Rc4 17. Bxd6 Qxd6 18. Nf4 g5 19. Ne2 Rhc8 20. f3 R8c6 21. e4 Rxc1 22. Rxc1 Rxc1+ 23. Nxc1 dxe4 24. fxe4 Qf4 25. Nb3 Ng4 26. Qg3 Qxg3 27. hxg3 Ne3 28. Nc5+ Kc6 29. Nxa6 Nc2 30. Nc5 Nxa3 31. Nd3 Nc2 32. Ne5+ Kc7 33. g4 hxg4 34. Nxf7 Nxb4 35. Nxg5 Kd6 36. Nf7+ Ke7 37. Ne5 Nc2 38. d5 g3 39. Kf1 Kd6 40. Nf7+ Ke7 41. Ne5 exd5 42. exd5 Kd6 43. Nd3 Kxd5 44. Ke2 Ke4 45. Nc5+ Kd4 46. Nb3+ Kc3 47. Nc5 Kd4 48. Nb3+ Kd5 49. Nd2 b4 50. Kf3 Kd4 51. Kxg3 Kc3 52. Ne4+ Kd3 53. Kf4 Nd4 54. Nc5+ Kc4 55. Na4 b3 56. g4 Ne6+ 57. Kf5 Nc5 58. Nb2+ Kc3 59. g5 Kxb2 60. g6 Kc3 61. g7 b2 62. g8Q b1Q+ 63. Ke5 Qe4+ 64. Kd6 Nb7+ 65. Kc7 Qe7+ 66. Kb6 Qb4+ 67. Kc7 Nc5 68. Qg3+ Nd3 69. Qg7+ Kc2 70. Qg2+ Kb3 71. Qg8+ Kc3 72. Qh8+ Kd2 73. Qh2+ Ke3 74. Qg1+ Ke4 75. Qg4+ Nf4 76. Qd1 Qc5+ 77. Kb7 Nd5 78. Qh1+ Ke5 79. Qh2+ Nf4 80. Qb2+ Ke4 81. Qb1+ Nd3 82. Qh1+ Kf4 83. Qf1+ Ke3 84. Qg1+ Nf2 85. Qg3+ Ke4 86. Qg6+ Kf3 87. Qf7+ Ke2 88. Qe6+ Kf1 89. Qg8 Ne4 90. Qf7+ Ke2 91. Qa2+ Ke3 92. Qb3+ Kf4 93. Qf7+ Kg4 94. Qg6+ Ng5 95. Qg8 Qb5+ 96. Ka7 Qd7+ 97. Kb6 Kf5 98. Qf8+ Nf7 99. Qg8 Ne5 100. Qf8+ Nf7 101. Qg8 Qd6+ 102. Ka7 Qe7+ 103. Kb6 Qf6+ 104. Ka7 Nd6 105. Qh7+ Ke5 106. Qh2+ Kd5 107. Qd2+ Kc6 108. Qc2+ Kd7 109. Qa4+ Ke7 110. Qc6 Qa1+ 111. Kb8 Qb2+ 112. Ka8 Qa3+ 113. Kb8 Qb4+ 1/2-1/2